Ambidexterity as key factor in banks' performance : (Record no. 21193)
[ view plain ]
| 000 -LEADER | |
|---|---|
| fixed length control field | 01002nam a22002417a 4500 |
| 003 - CONTROL NUMBER IDENTIFIER | |
| control field | OSt |
| 005 - DATE AND TIME OF LATEST TRANSACTION | |
| control field | 20250214104035.0 |
| 008 - FIXED-LENGTH DATA ELEMENTS--GENERAL INFORMATION | |
| fixed length control field | 240902b ||||| |||| 00| 0 eng d |
| 040 ## - CATALOGING SOURCE | |
| Transcribing agency | 0 |
| 082 ## - DEWEY DECIMAL CLASSIFICATION NUMBER | |
| Classification number | DPer 658.8 J826 Winter-Fall 2019 v. 27 n. 1-4 |
| 100 ## - MAIN ENTRY--PERSONAL NAME | |
| Personal name | Tirado, Diego Monferrer. |
| Relator term | author. |
| 9 (RLIN) | 59845 |
| 245 ## - TITLE STATEMENT | |
| Title | Ambidexterity as key factor in banks' performance : |
| Remainder of title | a marketing approach / |
| Statement of responsibility, etc. | Diego Monferrer Tirado, Miguel Ángel Moliner Tena, and Marta Estrada Guillén. |
| 260 ## - PUBLICATION, DISTRIBUTION, ETC. (IMPRINT) | |
| Place of publication, distribution, etc. | USA ; |
| Name of publisher, distributor, etc. | Taylor & Francis Group, |
| Date of publication, distribution, etc. | Spring 2019. |
| 300 ## - PHYSICAL DESCRIPTION | |
| Extent | volume 27, pages 227-250, |
| Other physical details | illustration. |
| 500 ## - GENERAL NOTE | |
| General note | Journal of Marketing Theory and Practice, vol. 27, no. 2, pages 227-250, Spring 2019. |
| 650 #0 - SUBJECT ADDED ENTRY--TOPICAL TERM | |
| Topical term or geographic name as entry element | Strategic planning. |
| 9 (RLIN) | 5339 |
| 650 #0 - SUBJECT ADDED ENTRY--TOPICAL TERM | |
| Topical term or geographic name as entry element | Banks and banking. |
| 9 (RLIN) | 52649 |
| 650 #0 - SUBJECT ADDED ENTRY--TOPICAL TERM | |
| Topical term or geographic name as entry element | Marketing. |
| 9 (RLIN) | 1337 |
| 700 ## - ADDED ENTRY--PERSONAL NAME | |
| Personal name | Tirado, Diego Monferrer. |
| Relator term | author. |
| 9 (RLIN) | 59845 |
| 700 ## - ADDED ENTRY--PERSONAL NAME | |
| Personal name | Tena, Miguel Ángel Moliner. |
| Relator term | author. |
| 9 (RLIN) | 59846 |
| 700 ## - ADDED ENTRY--PERSONAL NAME | |
| Personal name | Guillén, Marta Estrada. |
| Relator term | author. |
| 9 (RLIN) | 59847 |
| 942 ## - ADDED ENTRY ELEMENTS (KOHA) | |
| Source of classification or shelving scheme | Dewey Decimal Classification |
| Koha item type | Periodicals |
| Withdrawn status | Lost status | Source of classification or shelving scheme | Damaged status | Not for loan | Collection code | Home library | Current library | Date acquired | Total Checkouts | Full call number | Date last seen | Price effective from | Koha item type | Public note |
|---|---|---|---|---|---|---|---|---|---|---|---|---|---|---|
| Dewey Decimal Classification | Periodicals | UM Digos College - LIC | UM Digos College - LIC | 09/02/2024 | DPer 658.8 J826 Winter-Fall 2019 v. 27 n. 1-4 | 09/02/2024 | 09/02/2024 | Periodicals | Periodical Article |
